Royal Society of Health journal.

Bibliographic Details
New Title:Journal of the Royal Society of Health
Previous Title:Journal (Royal Society of Health (Great Britain))
Corporate Author: Royal Society of Health (Great Britain)
Format: Journal
Language:English
Published: London : The Society, 1960-1982.
Subjects:
Online Availability: Check for online availability

MARC

Tag First Indicator Second Indicator Subfields
LEADER 00000cas a2200000 a 4500
001 in00005661663
008 800506d19601982enkbr p 0 a0eng c
005 20250826143847.9
010 |a  91641267   |z sn 85011131  
035 |a (OCoLC)ocm06288600  
040 |a NYG  |b eng  |c NYG  |d HUL  |d NYG  |d OCL  |d RCS  |d AIP  |d NST  |d OCL  |d HUL  |d NST  |d HUL  |d DLC  |d EYM  |d OCLCQ  |d NLM  |d OCLCQ  |d NLGGC  |d OCLCQ  |d VRC  |d UKMGB  |d OCLCF  |d OCLCO  |d EUW  |d OCLCO  |d OCLCQ  |d OCLCO  |d U3W  |d OCLCL  |d OCLCQ 
012 |a 2  |b 3  |i 9106 
016 7 |a 2983212R  |2 DNLM 
016 7 |a R55180000  |z J37600000  |2 DNLM 
016 7 |a 010843969  |2 Uk 
019 |a 7633886  |a 869754595  |a 903383385  |a 1063274505 
022 |a 0035-9130  |l 0035-9130 
035 |a (OCoLC)6288600  |z (OCoLC)7633886  |z (OCoLC)869754595  |z (OCoLC)903383385  |z (OCoLC)1063274505 
037 |b Royal Society for the Promotion of Health, 13 Grosvenor Pl., London, SW1X 7EN 
042 |a pcc 
043 |a e-uk--- 
050 0 0 |a RA421  |b .S3 
060 0 0 |a W1  |b RO755 
082 0 0 |a 362.1/05  |2 20 
210 0 |a J.- R. Soc. Health 
222 0 |a Journal - Royal Society of Health 
245 0 0 |a Royal Society of Health journal. 
260 |a London :  |b The Society,  |c 1960-1982. 
300 |a 23 volumes :  |b illustrations ;  |c 30 cm 
310 |a Bimonthly 
336 |a text  |b txt  |2 rdacontent 
337 |a unmediated  |b n  |2 rdamedia 
338 |a volume  |b nc  |2 rdacarrier 
362 0 |a Vol. 80/1 (Jan./Feb. 1960)-v. 102, no. 6 (Dec. 1982). 
500 |a Title from cover. 
650 0 |a Public health  |v Periodicals. 
650 0 |a Public health  |z Great Britain  |v Periodicals. 
650 2 |a Public Health 
650 7 |a Public health.  |2 fast  |0 (OCoLC)fst01082238 
651 7 |a Great Britain.  |2 fast  |0 (OCoLC)fst01204623  |1 https://id.oclc.org/worldcat/entity/E39PBJdmp7p3cx8hpmJ8HvmTpP 
650 1 7 |a Sociale gezondheidszorg.  |2 gtt 
655 0 |a Electronic journals. 
655 2 |a Periodicals 
655 7 |a Periodicals.  |2 fast  |0 (OCoLC)fst01411641 
655 7 |a Periodicals.  |2 lcgft 
655 7 |a Periodicals.  |2 rbgenr 
710 2 |a Royal Society of Health (Great Britain) 
780 0 0 |t Journal (Royal Society of Health (Great Britain))  |w (DLC)sn 88019046  |w (OCoLC)7526846 
785 0 0 |t Journal of the Royal Society of Health  |x 0264-0325  |w (DLC) 91641268  |w (OCoLC)9402371 
850 |a DLC  |a ICRL  |a IU-M  |a MBCo  |a MiU  |a NcRS  |a NjR  |a OrU  |a PPC  |a WaU 
029 1 |a AU@  |b 000004329714 
029 1 |a AU@  |b 000007253559 
029 1 |a AU@  |b 000023027258 
029 1 |a AU@  |b 000045254434 
029 1 |a NLGGC  |b 04226135X 
029 1 |a NLM  |b 2983212R 
029 1 |a NZ1  |b 4937086 
029 1 |a UKMGB  |b 010843969 
029 1 |a ZWZ  |b 036469165 
994 |a Z0  |b TMV 
948 |h NO HOLDINGS IN TMV - 182 OTHER HOLDINGS 
999 f f |s 89db4463-0325-4ecf-98cc-a43fbd607442  |i faebdbc7-9d00-4a79-8500-e993fc9b3f3b  |t 0 
952 f f |p ric  |a Texas A&M University  |b Rellis Campus  |c Joint Library Facility  |d Remote Storage  |t 0  |i unmediated -- volume  |k v.92  |l 1972  |m 3238902650432 
952 f f |p ric  |a Texas A&M University  |b Rellis Campus  |c Joint Library Facility  |d Remote Storage  |t 0  |i unmediated -- volume  |k v.95  |l 1975  |m 3238902650713 
952 f f |p ric  |a Texas A&M University  |b Rellis Campus  |c Joint Library Facility  |d Remote Storage  |t 0  |i unmediated -- volume  |k v.98:no.1  |l 1978:Feb.  |m 323890265069A 
952 f f |p ric  |a Texas A&M University  |b Rellis Campus  |c Joint Library Facility  |d Remote Storage  |t 0  |i unmediated -- volume  |k v.93  |l 1973  |m 3238902650454 
952 f f |p ric  |a Texas A&M University  |b Rellis Campus  |c Joint Library Facility  |d Remote Storage  |t 0  |i unmediated -- volume  |k v.94  |l 1974  |m 3238902650443 
952 f f |p ric  |a Texas A&M University  |b Rellis Campus  |c Joint Library Facility  |d Remote Storage  |t 0  |i unmediated -- volume  |k v.97:no.6  |l 1977:Dec.  |m 3238902650702 
952 f f |p ric  |a Texas A&M University  |b Rellis Campus  |c Joint Library Facility  |d Remote Storage  |t 0  |i unmediated -- volume  |k v.77  |l 1957  |m 3238902644121 
952 f f |p ric  |a Texas A&M University  |b Rellis Campus  |c Joint Library Facility  |d Remote Storage  |t 0  |i unmediated -- volume  |k v.91  |l 1971  |m 3238902650421 
952 f f |p ric  |a Texas A&M University  |b Rellis Campus  |c Joint Library Facility  |d Remote Storage  |t 0  |i unmediated -- volume  |k v.96  |l 1976  |m 3238902650724 
998 f f |s v.77(1957),v.91(1971)-v.96(1976),v.97:no.6(1977:Dec.)-v.98:no.1(1978:Feb.)  |t 0  |l Remote Storage